New Password B2+/C1 - unit 5 wordlist - Statystyki

Ogólne statystyki
  • Ten quiz został rozwiązany 176 razy
  • Średni wynik to 69 z 157
Statystyki odpowiedzi
Hint Odpowiedź % Poprawnych
kreatywność creativity
82%
cierpliwy patient
82%
pasja passion
80%
pewny siebie confident
78%
motywacja motivation
78%
elastyczny flexible
76%
wyobraźnia imagination
76%
inteligencja intelligence
76%
pesymistyczny pessimistic
76%
apatyczny apathetic
73%
niedbały, beztroski careless
73%
troskliwy caring
73%
niecierpliwy impatient
73%
cierpliwość patience
73%
zależny dependent
71%
entuzjastyczny enthusiastic
71%
uważny attentive
69%
niezależny, autonomiczny autonomous
69%
pewność siebie confidence
69%
odwaga courage
69%
tchórzliwy cowardly
69%
dyplomacja diplomacy
65%
odważny courageous
63%
winny guilty
63%
niechlujny sloppy
63%
niedbałość, nonszalancki carelessness
61%
dbający o szczegóły detail-oriented
61%
obojętny indifferent
61%
sympatyczność, lubialność likeability
61%
bez motywacji unmotivated
61%
kierunek direction
59%
zmotywowany wewnętrznie self-motivated
59%
uwaga attentiveness
57%
błagać beg
57%
chichotać giggle
57%
godny zaufania reliable
57%
uparty stubborn
57%
emocjonalny emotional
55%
energiczny energetic
55%
zraniony hurt
55%
doceniać appreciate
53%
podejście approach
53%
złamać zasadę break a rule
53%
czuć się, jakby świat się zawalił feel like it's the end of the world
53%
stracić nadzieję give up hope
53%
niedouczony ignorant
53%
onieśmielający intimidating
53%
przegapić coś miss out on sth
53%
optymistyczny upbeat
53%
szeptać whisper
53%
znający się na rzeczy knowledgeable
51%
pewny siebie self-assured
51%
uczciwość integrity
49%
skromny modest
49%
wytrwałość persistence
49%
zaniepokojony anxious
47%
być niezwykle zdeterminowanym be dead set on sth
47%
marszczyć czoło frown
47%
niepewny insecure
47%
sprawić, żeby coś się udało make sth work
47%
burmistrz mayor
47%
trzymać się czegoś stick to sth
47%
zawodny undependable
47%
rozbawiony amused
45%
zazdrosny, zawistny envious
45%
gruboskórny insensitive
45%
jagnię lamb
45%
odnieść sukces w czymś make a go of sth
45%
szycie sewing
45%
siedzieć nieruchomo sit still
45%
rzeź slaughter
45%
nadzorować kogoś supervise sb
45%
wymiotować vomit
45%
niepokój anxiety
43%
za(interesowany, niepokojony) concerned
43%
przekonywać convince
43%
żwir gravel
43%
zamek (w drzwiach) lock
43%
poruszony moved
43%
zapalczywy passionate
43%
wydawać się komuś jakimś strike sb as
43%
zaraźliwy contagious
41%
chętny eager
41%
dobry w czymś good at sth
41%
wahać się hesitate
41%
uczestnik attendee
39%
rozgniewany cross
39%
angażować się w coś engage in sth
39%
dobrym dla kogoś good for sb
39%
pójść o krok dalej (1,609 km dalej) go the extra mile
39%
nalegać na coś insist on sth
39%
nudności nausea
39%
opona tire
39%
troszczyć się o coś care about sth
37%
zależeć od czegoś depend on sth
37%
równość płci gender equality
37%
udziec jagnięcy leg of lamb
37%
nieruchomy motionless
37%
odporność na niepowodzenia resilience
37%
pieśń powialna song of welcome
37%
oszołomiony bewildered
35%
zajmować się kimś care for sb
35%
zabójstwo z miłości crime of passion
35%
zdecydować się na coś decide on sth
35%
dobrze radzący sobie z kimś good with sb
35%
wpływ na coś impact on sth
35%
okazać się turn out
35%
pochwalać coś approve of sth
33%
brak czegoś lack of sth
33%
śmiać się z kogoś laugh at sb
33%
płaczliwy, pełen łez tearful
33%
spięty tense
33%
niełatwo, z trudem uneasily
33%
osiągnięcie accomplishment
31%
niezadowolony z czegoś dissatisfied with sth
31%
afera, ceregiele fuss
31%
utalenowany gifted
31%
być dumnym z czegoś take pride in sth
31%
spokojny tranquil
31%
jaskrawy vivid
31%
radzić sobie z czymś deal with sth
29%
zaangażowany w coś involved in sth
29%
przybity, przygnębiony low
29%
fakt godny zapamiętania noteworthy fact
29%
stanowić zagrożenie dla pose a threat to
29%
odczuwający ulgę relieved
29%
specjalista w czymś specialist in sth
29%
zwracać się do kogoś turn to sb
29%
pojawiać się turn up
29%
stosunek do czegoś attitude to sth
27%
być nieposłusznym defy
27%
stawiać na swoim get one's way
27%
sprzeciwiać się czemuś object to sth
27%
popularny wśród popular with
27%
dojść do porozumienia reach an understanding
27%
podekscytowany thrilled
27%
zmieniać się w coś turn into sth
27%
odwracać się turn round
24%
odprawiać kogoś turn sb away
24%
odrzucać coś turn sth down
24%
typowe dla typical of
24%
umieć pracować w zespole be a real team player
22%
uchodzić za come across as
22%
biegunka diarrhea
22%
napotkać komplikacje experience a setback
22%
pasować do kogoś fit in with sb
22%
przeciwny czemuś opposed to sth
22%
wynikać z czegoś result from sth
22%
doprowadzać do czegoś result in sth
22%
z(martwiony, denerwowany) upset
22%
pogląd na coś view on sth
22%
sprawić, by ktoś zachowywał się racjonalnie make sb see reason
20%
opozycja wobec czegoś opposition to sth
20%
zdobyć się na odwagę work up the courage
20%
emanować pewnością siebie (mieć pewne powietrze o sobie) have a confident air about oneself
16%
przekonać się do czegoś take to sth
16%
sądzić coś o kimś make sth of sb
14%
Nie znaleziono quizów pasujących do podanych kryteriów
Rozkład punktacji
Procent ludzi z każdym wynikiem
Percentyl według liczby udzielonych odpowiedzi
Twoja historia wyników
Nie rozwiązałeś tego quizu